Loading...
| Current Events | 3 | 13.33 | 67% | 33% | 33% |
| Fine Arts - Classical Music | 3 | 13.33 | 0% | 67% | 67% |
| Fine Arts - Other | 2 | 15.00 | 0% | 100% | 50% |
| Fine Arts - Painting & Sculpture | 7 | 11.43 | 29% | 29% | 57% |
| Geography | 3 | 10.00 | 67% | 33% | 0% |
| History - American | 6 | 10.00 | 50% | 33% | 17% |
| History - European | 6 | 6.67 | 33% | 17% | 17% |
| History - Other | 6 | 8.33 | 17% | 0% | 67% |
| History - World | 4 | 15.00 | 25% | 75% | 50% |
| Literature - American | 7 | 10.00 | 57% | 14% | 29% |
| Literature - British | 7 | 12.86 | 57% | 57% | 14% |
| Literature - European | 4 | 7.50 | 50% | 0% | 25% |
| Literature - World | 5 | 10.00 | 60% | 20% | 20% |
| Mythology | 2 | 10.00 | 0% | 0% | 100% |
| Other Academic | 4 | 10.00 | 0% | 75% | 25% |
| Philosophy | 7 | 12.86 | 71% | 29% | 29% |
| Religion | 4 | 15.00 | 75% | 75% | 0% |
| Science - Biology | 5 | 14.00 | 20% | 60% | 60% |
| Science - Chemistry | 6 | 8.33 | 33% | 17% | 33% |
| Science - Other | 3 | 10.00 | 33% | 33% | 33% |
| Science - Physics | 9 | 13.33 | 33% | 33% | 67% |
| Social Science | 4 | 15.00 | 0% | 75% | 75% |